000 00556nam a2200193Ia 4500
003 OSt
005 20241001142729.0
008 210210b1987 xxu||||| |||| 00| 0 eng d
040 _cAL
041 _aKannada
082 _aK894.1 RAGH
100 _aRAGHAVANKA
_963909
_dರಾಘವಾಂಕ
245 _aHarischandra kavya sangraha
_bಹರಿಶ್ಚಂದ್ರ ಕಾವ್ಯ ಸಂಗ್ರಹ
260 _aMaisuru
_bPrasaranga Vishvavidyanilaya
_c1987
300 _a136
690 _aKannada Poetry
_963910
906 _a039811
942 _2ddc
_cBK
999 _c89699
_d89699